Borussia Dortmund Squad 2016-2017 - Statistics

General Stats
  • This quiz has been taken 33 times
  • The average score is 20 of 31
Answer Stats
# Position Nation Player % Correct
11 FW Germany Marco Reus
100%
17 FW Gabon Pierre-Emerick Aubameyang
100%
13 DF Portugal Raphaël Guerreiro
96%
10 MF Germany Mario Götze
88%
23 MF Japan Shinji Kagawa
88%
7 FW France Ousmane Dembélé
85%
38 GK Switzerland Roman Bürki
85%
4 DF Serbia Neven Subotić
81%
25 DF Greece Sokratis Papastathopoulos
81%
5 DF Spain Marc Bartra
77%
8 MF Turkey Nuri Şahin
77%
1 GK Germany Roman Weidenfeller
77%
14 FW Sweden Alexander Isak
73%
22 FW United States Christian Pulisic
73%
9 FW Turkey Emre Mor
73%
26 DF Poland Łukasz Piszczek
73%
20 FW Colombia Adrián Ramos
65%
- Coach Germany Thomas Tuchel
65%
29 DF Germany Marcel Schmelzer
62%
27 MF Germany Gonzalo Castro
54%
3 DF South Korea Ju-ho Park
50%
6 DF Germany Sven Bender
50%
33 MF Germany Julian Weigl
46%
24 MF Spain Mikel Merino
42%
37 DF Germany Erik Durm
35%
28 DF Germany Matthias Ginter
31%
18 MF Germany Sebastian Rode
31%
30 DF Germany Felix Passlack
27%
21 FW Germany André Schürrle
23%
32 MF Bosnia and Herzegovina Dženis Burnić
23%
39 GK Germany Hendrik Bonmann
19%
No matching quizzes found
Score Distribution
Percent of People with Each Score
Percentile by Number Answered
Your Score History
You have not taken this quiz